| 000 | 00438nam a22001337a 4500 | ||
|---|---|---|---|
| 999 |
_c120352 _d120352 |
||
| 008 | 140402b xxu||||| |||| 00| 0 eng d | ||
| 050 | _aSPC JX1977.2.B155 | ||
| 100 |
_aBailey, Martin _99690 |
||
| 245 |
_aOilgatethe sa _bthe sanction scandal _cMartin Bailey |
||
| 260 |
_aGreat Britain _bCoronet Books _c1979 |
||
| 300 |
_a288p. ; _c18cm. |
||
| 650 |
_aPetrolium industry and trade _zSouth Africa _943169 |
||
| 650 |
_aEconomic sanctions _zSouth Africa _928165 |
||
| 942 |
_2lcc _cREFERENCE |
||